English Premier League Multiple PFA Team of the Year Winners - Statistics

General Stats
  • This quiz has been taken 417 times
  • The average score is 36 of 59
Answer Stats
No. Club(s) Position Answer % Correct
8 Liverpool MID Steven Gerrard
99%
6 Arsenal FW Thierry Henry
96%
6 Blackburn, Newcastle FW Alan Shearer
95%
4 Chelsea DEF John Terry
95%
6 Leeds, Man United DEF Rio Ferdinand
95%
2 Man United MID Paul Scholes
93%
6 Man United MID Ryan Giggs
91%
4 Arsenal, Chelsea DEF Ashley Cole
90%
4 Man United DEF Nemanja Vidic
88%
6 Man United DEF Gary Neville
87%
6 Arsenal MID Patrick Vieira
84%
3 Man United FW Wayne Rooney
84%
4 Man United MID/FW Cristiano Ronaldo
83%
3 Man United GK David de Gea
82%
2 Newcastle DEF Stephen Carr
82%
5 Man United MID Roy Keane
80%
2 Arsenal, Man United FW Robin van Persie
78%
4 Man United MID David Beckham
75%
3 Man United GK Edwin van der Sar
75%
2 Chelsea GK Petr Cech
75%
3 Man City DEF Vincent Kompany
75%
2 Spurs FW Harry Kane
74%
2 Chelsea FW Didier Drogba
69%
2 Spurs, Man United FW Dimitar Berbatov
66%
2 Liverpool FW Luis Suarez
66%
3 Man United DEF Patrice Evra
66%
2 Birmingham, Man City GK Joe Hart
65%
3 Arsenal DEF Tony Adams
62%
2 Liverpool FW Fernando Torres
61%
3 Arsenal MID Robert Pires
60%
3 Arsenal DEF Sol Campbell
59%
2 Liverpool, Portsmouth GK David James
58%
3 Tottenham MID Gareth Bale
58%
2 Arsenal GK David Seaman
57%
2 Man United FW Ruud van Nistelrooy
56%
2 Man City MID Yaya Toure
56%
3 Man United DEF Jaap Stam
55%
2 Arsenal MID Cesc Fabregas
54%
3 Man United DEF Denis Irwin
53%
3 Chelsea MID Eden Hazard
51%
2 Everton DEF Leighton Baines
50%
2 Chelsea DEF Gary Cahill
49%
2 Arsenal, Chelsea FW Nicolas Anelka
47%
2 Chelsea DEF Branislav Ivanovic
46%
2 Newcastle GK Shay Given
45%
2 Arsenal FW Ian Wright
41%
4 Man United DEF Gary Pallister
37%
2 Aston Villa MID Ashley Young
36%
2 Liverpool DEF Sami Hyypia
36%
2 Chelsea DEF William Gallas
34%
3 Leeds GK Nigel Martyn
33%
2 Blackburn GK Tim Flowers
31%
2 Spurs MID David Ginola
24%
2 Blackburn, Chelsea DEF Graeme Le Saux
24%
2 Arsenal DEF Bacary Sagna
22%
2 Blackburn DEF Colin Hendry
22%
3 Blackburn, Newcastle MID David Batty
20%
3 Man United MID Paul Ince
18%
2 Leeds DEF Gary Kelly
14%
No matching quizzes found
Score Distribution
Percent of People with Each Score
Percentile by Number Answered
Your Score History
You have not taken this quiz